| 000 | 01745nam a2200421 a 4500 | ||
|---|---|---|---|
| 001 | ebr10697004 | ||
| 003 | CaPaEBR | ||
| 006 | m o u | ||
| 007 | cr cn||||||||| | ||
| 008 | 060329s2008 enkad sb 000 0 eng d | ||
| 010 | _z 2006010518 | ||
| 020 | _z1904768148 | ||
| 020 | _z9781904768142 | ||
| 020 | _z9781904768159 (pbk.) | ||
| 020 | _z1904768156 (pbk.) | ||
| 020 | _z9781845535896 (e-book) | ||
| 040 |
_aCaPaEBR _cCaPaEBR |
||
| 035 | _a(OCoLC)849930841 | ||
| 050 | 1 | 4 |
_aPE1139.5 _b.H25 2008eb |
| 082 | 0 | 4 |
_a421/.5 _222 |
| 100 | 1 |
_aHalliday, M. A. K. _q(Michael Alexander Kirkwood), _d1925- |
|
| 245 | 1 | 0 |
_aIntonation in the grammar of English _h[electronic resource] / _cby M.A.K. Halliday and William S. Greaves. |
| 260 |
_aLondon ; _aOakville, Conn. : _bEquinox Pub., _c2008. |
||
| 300 |
_a224 p. : _bill. |
||
| 490 | 1 | _aEquinox textbooks and surveys in linguistics | |
| 504 | _aIncludes bibliographical references (p. 219-224). | ||
| 505 | 0 | _apt. I. The study of speech sound -- pt. II. Intonation and meaning -- pt. III. Analysis guide with detailed commentary. | |
| 533 |
_aElectronic reproduction. _bPalo Alto, Calif. : _cebrary, _d2013. _nAvailable via World Wide Web. _nAccess may be limited to ebrary affiliated libraries. |
||
| 650 | 0 |
_aEnglish language _xIntonation. |
|
| 650 | 0 |
_aEnglish language _xGrammar. |
|
| 650 | 0 |
_aEnglish language _xAccents and accentuation. |
|
| 650 | 0 | _aOral communication. | |
| 655 | 7 |
_aElectronic books. _2local |
|
| 700 | 1 | _aGreaves, William S. | |
| 710 | 2 | _aebrary, Inc. | |
| 830 | 0 | _aEquinox textbooks and surveys in linguistics. | |
| 856 | 4 | 0 |
_uhttp://site.ebrary.com/lib/rucke/Doc?id=10697004 _zAn electronic book accessible through the World Wide Web; click to view |
| 999 |
_c8103 _d8103 |
||